| 000 | 01021nam a2200229 i 4500 | ||
|---|---|---|---|
| 001 | 181058 | ||
| 003 | ES-MaACL | ||
| 005 | 20231007173317.0 | ||
| 008 | 121015s2006 mx | |||| ||spa d | ||
| 020 | _a970-27-0994-6 | ||
| 080 | _a655.42:339.174(723.2 G.)(091) | ||
| 111 | 2 |
_aFeria Internacional del Libro de Guadalajara. _9151599 |
|
| 245 | 1 | 0 |
_a20 años, Feria Internacional del Libro de Guadalajara / _c[redactores, Juan Carlos Núñez Bustillos ... et al.]. |
| 260 |
_aGuadalajara (Jalisco) : _bFeria Internacional del Libro de Guadalajara, _c[2006] ( _eHong Kong : _fToppan Printing Company) |
||
| 300 |
_a259 p. (algunas pleg.) : _bil. col. ; _c24 x 30 cm. |
||
| 611 | 2 | 4 |
_aFeria Internacional del Libro de Guadalajara- _vHistoria. _9151600 |
| 700 | 1 |
_aNuñez Bustillos, Juan Carlos. _9151601 |
|
| 852 |
_aES-MaACL _jA-12270 _9187941 _bR.147096 _cDEPO1 _dOlim: N-5275 _xDonación: Real Academia Española |
||
| 914 |
_96336 _aReal Academia Española _ednr |
||
| 942 |
_2udc _cMONOGRAFIA |
||
| 999 |
_c181058 _d181058 |
||